| 000 | 01003nam a2200229 a 4500 | ||
|---|---|---|---|
| 005 | 20210219160435.0 | ||
| 008 | 081107s1995 mx r 000 0 spa d | ||
| 020 | _a9061950341 (Bernard van Leer Foundation) | ||
| 020 | _a92-3-103130-9 | ||
| 035 | _aUPN01000165474 | ||
| 049 | _aUNE | ||
| 080 | _a373.2 =20 "1995" TOR. | ||
| 100 | 1 | _aTorkington, Kate | |
| 245 | 1 | 0 |
_aEnhancing the skills of early childhood trainers / _cKate Torkington; Cassie Landers. |
| 260 |
_aParis : _bUNESCO; _aThe Netherlands : _bBernard van Leer Foundation, _c1995. |
||
| 300 | _a5 vol., pág. irr. | ||
| 505 | 8 | _aContenido Vol. 1; Introduction to the training pack, Vol. 2; Delivering effective training, Vol. 3; Guide to the development of the young child, Vol. 4; Rationale for experimental/participatory methods, Vol. 5; Resource list. | |
| 690 | _aPsicologia del niño- Material y equipo didacticos | ||
| 690 | _aEducacion preescolar- Participacion de los padres | ||
| 700 | 1 | _aLanders, Cassie | |
| 905 | _aUNESCO | ||
| 999 |
_c137586 _d137586 |
||